000 00746cam a2200217 i 4500
005 20160123112324.0
008 001031s1995 us a r 00010 spa d
020 _a0521564034
040 _ala
_cla
_dCO-BoIAVH
041 0 _aspa
082 0 4 _a333.95
_bE92e
245 0 0 _aEvaluación mundial de la biodiversidad :
_bresumen para los responsables de la formulación de políticas /
_cR.T. Watson.
260 _aCambridge :
_bPNUMA,
_c1995.
300 _aviii, 53 páginas :
_bil. ;
_c24 cm.
650 1 4 _aPolítica ambiental
_x Evaluación.
650 2 4 _aProtección del medio ambiente
_x Evaluación.
650 2 4 _aDiversidad biológica.
700 1 _aWatson, R. T.
942 _2ddc
_cLIBRO
949 _an
_bn
999 _c1820
_d1820